[Event "EU-Cup 18th"]
[Site "Kallithea"]
[Date "2002.09.24"]
[Round "3.3"]
[White "Rublevsky, Sergei"]
[Black "Varga, Zoltan"]
[Result "1/2-1/2"]
[WhiteElo "2658"]
[BlackElo "2528"]
[Annotator "Erenburg,S"]
[PlyCount "139"]
[EventDate "2002.09.22"]
[EventType "team-swiss"]
[EventRounds "7"]
[EventCountry "GRE"]
[SourceTitle "CBM 092"]
[Source "ChessBase"]
[SourceDate "2003.02.06"]
[SourceVersion "1"]
[SourceVersionDate "2003.02.06"]
[SourceQuality "1"]
[WhiteTeam "Kazan Ladya"]
[BlackTeam "Sarajevo Napredak"]
[WhiteTeamCountry "RUS"]
[BlackTeamCountry "BIH"]

1. e4 d6 2. d4 Nf6 3. Nc3 Nbd7 4. h3 $5 {[%cal Yg2g4] A very rare continuation.
More popular options are:} (4. Nf3 e5 {Transforming to Philidor defence.}) (4.
g4 $5 {0-1 Vaisser,A-Bauer,C/Besancon 1999/CBM 73/[Oratovsky,M] (54)}) ({
while the most principal, in my opinion, is} 4. f4 {1/2-1/2 Wells,P-Oratovsky,
M/Budapest 1999/EXT 2000/[Oratovsky,M] (38)}) (4. g3 {1-0 Grischuk,A-Kharlov,A/
Moscow 1999/CBM 75/[Avrukh,B] (46)}) 4... e5 5. Nge2 ({White tried also} 5. g4
h6 6. Bg2 (6. Nge2 b5 $5 7. a3 Bb7 8. Bg2 a6 9. O-O Be7 (9... g6 $6 10. f4 exd4
11. Nxd4 Bg7 12. e5 $1 Bxg2 13. Kxg2 dxe5 14. Nc6 Qc8 15. fxe5 Nh7 16. Qd5 $18)
10. Ng3 O-O 11. Nf5 $14 {Magem Badals,J-Bauer,C/EU-ch Rapid-30' 1996/1-0 (65)})
6... exd4 (6... c6 7. Nge2 b5 8. Ng3 g6 9. Be3 Bb7 10. O-O h5 11. g5 Nh7 12. h4
f6 $132 {Ivanov,A-Kacheishvili,G/29th National CC 1998 0-1 (35)}) 7. Qxd4 g6 (
7... c6 8. Be3 Qb6 9. O-O-O Qxd4 10. Rxd4 Be7 11. Nge2 O-O 12. Ng3 $14 {
Gallego,R-Maje,A/Elista olm 1998 (42)}) 8. Be3 Bg7 9. Qd2 Nb6 10. b3 d5 11. Rd1
c6 12. Nge2 Be6 13. Nf4 g5 14. Nxe6 fxe6 15. O-O Qe7 16. exd5 Nbxd5 17. Nxd5
Nxd5 18. c4 Nxe3 19. fxe3 $16 {/+- 1-0 Topalov,V-Izeta Txabarri,F/Madrid 1993/
CBM 36 (38)}) 5... c6 {Black prepares to play b7-b5.} 6. g4 {White's idea is
not only to play g4-g5, pushing away Nf6, but also to continue Ng3.} b5 $6 $146
(6... Be7 7. Bg2 O-O 8. O-O b5 9. a3 Bb7 10. f4 $14 {1-0 Fercec,N-De Santis,A/
Salsomaggiore Terme 1999/CBM 70 ext (31)}) 7. a3 $6 {White misses more
attractive continuations.} ({Probably better was} 7. d5 $1 {[%csl Rb5,Rc6]}
cxd5 (7... b4 8. dxc6 bxc3 9. cxd7+ Bxd7 10. Nxc3 $16) (7... Bb7 8. g5) (7...
Nc5 8. dxc6 {[%csl Gc6]}) 8. g5 d4 (8... Nxe4 9. Qxd5 $16) 9. gxf6 dxc3 10.
fxg7 Bxg7 11. Nxc3 $16 {[%csl Rb5,Rd6]}) ({Good as well is} 7. g5 {[%csl Rf6]
For example:} b4 8. gxf6 bxc3 9. fxg7 Bxg7 10. bxc3 $16) 7... g6 {[%cal Yf8g7,
Gh7h5]} 8. Ng3 h5 (8... exd4 {wouldn't be recommended at this moment, in view
of} 9. Qxd4 Qb6 10. Be3 $14 (10. Qd1 $5 {[%csl Rd6]})) 9. gxh5 {White tries to
capture a pawn in a concrete way.} (9. g5 h4 10. Nge2 Nh7 $13) 9... Nxh5 ({
It was very dubious to play} 9... exd4 10. Qxd4 {and black's position is very
weak.For example:} Ne5 {[%cal Ge5f3]} 11. Be2 $16 {[%cal Gf2f4]}) 10. d5 Bb7 ({
It isn't advantageous for black} 10... Nxg3 {because he improves the white's
pawn structure.} 11. fxg3 a6 12. dxc6 Nb8 13. c7 Qxc7 14. Nd5 {[%csl Gd5]}) 11.
dxc6 Bxc6 12. Nxh5 Rxh5 13. Bxb5 Bxb5 14. Nxb5 {In spite of that white is a
pawn up, this position is not so clear, because white's K isn't safe yet.} Nf6
15. Nc3 Be7 16. Qd3 {[%csl Gd3] White is centralizing his queen, from where it
controls many important squares.} Qb6 {[%cal Gf6g4,Ya8c8]} 17. b3 (17. Qb5+ $2
Qxb5 18. Nxb5 Kd7 19. Nc3 Rah8 {[%csl Rh3]}) 17... Rc8 {[%csl Rc2,Rc3,Gc8]} 18.
Bb2 ({Of course not} 18. Be3 Qc6) {White is going to complete the development,
so black needs to go for concrete measures.} 18... Ng4 {[%cal Gb6f2] White's
position begins to be dangerous, so he has to play carefully.} 19. O-O $2 (19.
Qf3 $2 Nxf2 20. Nd5 (20. Qxf2 $4 Bh4) 20... Qb7 $17) (19. Nd1 f5 {[%csl Re4]
[%cal Gg4f6]}) ({The right move was} 19. Rf1 $1 Nf6 ({Nothing gave to black} 
19... Nxf2 20. Rxf2 Bh4 21. Nd1 d5 22. Ke2 $16) 20. O-O-O) 19... Rg5 $1 {
[%csl Rg1][%cal Yg5g1,Gg4e3] Probably this move Rublevsky overlooked,
otherwise he wouldn't play 19.0-0.} 20. Qf3 (20. hxg4 $2 Rxg4+ 21. Kh2 Kd7 22.
Qh3 f5 {[%cal Gg4h4]} 23. Nd5 Qb8 ({good as well is} 23... Qd8 $19 {[%cal
Gg4h4]}) 24. Nxe7 Rh8 $19) 20... Ne3+ 21. Kh2 Nxf1+ 22. Rxf1 Qb7 {The black's
plan is: f7-f5-f4, Kf7 and then black's queenside R joins the attack on the
white king via h8 square.} (22... Qc6 $6 23. Nd5 Qxc2 $2 24. Rc1) 23. Qd3 {
White prepares to play Nd5.} Qc6 {preventing Nd5} 24. Re1 {White rook is going
to e2 to defend the pawn c2 with following Nd5.} (24. Nd5 Qxc2 25. Qe3 {
[%csl Rc8,Rg5][%cal Gf1c1,Gd5e7]} Qxb2 26. Nxe7 Kxe7 27. Qxg5+ Ke8 $17 {
with following taking of pawns on the queen side.}) 24... f5 25. Re2 f4 26. Nd5
Kf7 27. Qf3 (27. c4 $5) 27... Qd7 {[%cal Yd7e6] switching to the kingside.} 28.
Rd2 {[%csl Gd2,Gh3][%cal Gd2d3,Yd3h3]} Qe6 29. c4 Bf6 {Black intends to add
the rook to the attack: Rh8.} (29... Rh8 $2 30. Nxf4 $1) 30. Rd3 Rh8 {[%cal
Gg5h5,Gh5h3,Gh8h3]} 31. c5 {White is searching for some tactical resources,
because it is his last chance.} dxc5 {Cool move.} 32. Nxf4 (32. Nxf6 Qxf6 33.
Rd7+ Kf8 $19 {[%cal Gh8h3]} 34. Rxa7 Rxh3+) 32... exf4 33. Qxf4 {[%csl Rf7]
[%cal Yb2f6,Yf4f6]} Re5 (33... Rgh5 $2 34. Bxf6 (34. Qc7+ Kf8 35. Qb8+ Kg7 {
[%cal Gg7h6]}) 34... Rxh3+ 35. Kg2 Rxd3 (35... Rh2+ 36. Kf1 {with following Ke2
}) 36. Bxh8+ {And the game isn't over yet.}) 34. Rf3 Rhh5 $2 {After so strong
perfomance in this game so far, black does a simple mistake. Probably Varga
was in time trouble. In spite of this mistake black has a winning position,
but it isn't already so easy. Black could win the game in many ways:} (34... g5
$1 35. Qxe5 Rxh3+ 36. Kg2 Qg4+ $19) ({as well} 34... Kg8 35. Qxf6 Rxh3+ $19) (
34... Ke8 {with same ideas}) {[%tqu "En","Please find the strongest move for
white.","","","f4f6","",10]} 35. Qxf6+ $1 Qxf6 36. Rxf6+ Kxf6 37. f4 Ke6 38.
Bxe5 Rh7 {[%csl Rb3][%cal Gh7b7]} ({Black would achieve only a draw after} 
38... Rxe5 $2 39. fxe5 Kxe5 40. Kg3 Kxe4 41. Kg4 Kd4 42. Kg5 Kc3 (42... a5 43.
a4) 43. Kxg6 Kxb3 44. h4 c4 45. h5 c3 46. h6 c2 47. h7 c1=Q 48. h8=Q $11) 39.
b4 c4 {[%csl Gc4]} 40. Kg3 Rd7 $19 {[%cal Gd7d3]} (40... g5 $5) 41. Kf2 Rd3 42.
Ke2 Rxa3 43. h4 Rb3 (43... Rh3 $1 44. Kd2 a6 $19) 44. Bd4 Rxb4 $2 ({Better was
} 44... a6 {[%csl Ga6] saving an important pawn. But probably black thought
that he is going to win anyway.}) 45. Bxa7 $11 {It sounds very strange, but
this position, objectively, is a draw. White is going to change black's pawn
g6 with f4-f5. After this to transfer his K to c2 and a bishop to d8, and
black doesn't succeed to improve his position.} Rb3 46. Kd2 Rd3+ 47. Kc2 Rh3
48. Bb8 {[%csl Gf4]} Re3 (48... Rxh4 49. Kc3 {[%csl Rc4]}) 49. f5+ gxf5 50.
exf5+ Kxf5 51. Ba7 Rd3 (51... Rh3 52. Bd4 Ke6 {[%cal Gh3h4,Ge6d5] In spite of
taking a pawn, this position is a draw, because black doesn't succeed to
advance his pawn.}) 52. Bc5 Ke4 53. Be7 Rf3 54. Bd8 {Black doesn't manage to
forward his pawn. In the last part of the game white played accurately and
achieved a draw.} Kd4 55. Bb6+ Kd5 56. Bc7 Rf8 (56... c3 57. Kb3 Kd4 58. Ba5
$11 {[%csl Rc3]}) 57. Kc3 Rh8 58. Bg3 Ra8 59. Bc7 Ra3+ 60. Kc2 Ra8 61. Kc3 Rc8
62. Bg3 Rf8 {Of course, black is able to capture the h4 pawn, but it will not
help hip to win the game.} 63. Bc7 Rf6 64. Bd8 Rf7 65. Kc2 Rf3 66. Bc7 Kc5 67.
Bd8 Rh3 68. Be7+ Kb5 69. Bd8 Kb4 70. Be7+ {Black played superb in this game,
but missed his chance on the 34-th move and in the endgame,so he finished the
game only with a disapointed draw.} 1/2-1/2

[Event "EU-Cup 18th"]
[Site "Kallithea"]
[Date "2002.09.25"]
[Round "4.6"]
[White "Timofeev, Artyom"]
[Black "Lugovoi, Aleksei"]
[Result "1-0"]
[WhiteElo "2558"]
[BlackElo "2516"]
[Annotator "Erenburg,S"]
[PlyCount "139"]
[EventDate "2002.09.22"]
[EventType "team-swiss"]
[EventRounds "7"]
[EventCountry "GRE"]
[SourceTitle "CBM 092"]
[Source "ChessBase"]
[SourceDate "2003.02.06"]
[SourceVersion "1"]
[SourceVersionDate "2003.02.06"]
[SourceQuality "1"]
[WhiteTeam "Kazan Ladya"]
[BlackTeam "Kiseljak"]
[WhiteTeamCountry "RUS"]
[BlackTeamCountry "BIH"]

1. e4 d6 2. d4 Nf6 3. Nc3 g6 4. Bg5 {This is one of the most interesting ways
to fight for an advantage in Pirc defence.} h6 (4... c6 5. Qd2 b5 6. Bd3 Nbd7
7. Nf3 h6 8. Be3 e5 9. d5 cxd5 10. Nxd5 Nxd5 11. exd5 a6 12. Be2 f5 13. Qb4 Qf6
14. a4 $36 {Krivec,J-Manca,F/Nova Gorica op/1997/}) (4... Bg7 5. f3 (5. Qd2 h6
6. Bf4 Nbd7 7. O-O-O g5 8. Be3 Ng4 9. h4 $5 Nxe3 10. Qxe3 g4 11. h5 c5 12. Nge2
a6 13. dxc5 Nxc5 14. Nd4 Qa5 15. Bc4 Bd7 16. Nd5 $36 {Polgar,J-Smirin,I/
Groningen PCA/1993/}) 5... c6 6. Qd2 Nbd7 7. Bh6 Bxh6 8. Qxh6 b5 9. Nge2 e5 10.
dxe5 $6 dxe5 $11 {Kristensen,B-Hansen,Cu/Vejle/1994/ (20)}) 5. Bh4 Bg7 (5... c6
{1-0 Almasi,Z-Efimov,I/Elista 1998/CBM 66 ext/[Smirin] (27)}) (5... Nh5 6. Qf3
Bg7 7. Bc4 O-O 8. Nge2 c5 9. dxc5 Nc6 $5 {[%cal Gc6e5,Re5c4,Re5f3]} 10. Qe3 Ne5
11. Bb3 g5 12. f4 (12. Bg3 Ng4 13. Qd2 dxc5 $11) 12... Nxf4 13. Nxf4 gxf4 14.
Qxf4 $13 {Sermek,D-Djuric,S/Nova Gorica op 1997 1/2 (25)}) 6. Qd2 (6. f4 {
1-0 Sadvakasov,D-Ponomariov,R/Lausanne 1999/CBM 71/[Tsesarsky] (90)}) (6. e5 $5
dxe5 7. dxe5 Ng4 (7... Qxd1+ $2 8. Rxd1 Ng4 9. Nd5 Bxe5 10. Bg3 $1 $18 {
[%csl Rc7]}) (7... Nfd7 8. e6 $5 (8. f4 g5 $15) 8... fxe6 9. Bc4 Ne5 10. Qxd8+
Kxd8 11. O-O-O+ Ke8 12. Bb3 $16 {[%csl Re6,Re7]}) 8. Qxd8+ Kxd8 9. O-O-O+ Bd7
10. e6 fxe6 11. Ne4 Ke8 12. Nc5 Bc8 13. Bc4 $16 {Karpatchev,A-Makarjev,I/
Moscow-ch 1992/1/2-1/2 (54)}) 6... g5 (6... O-O 7. f4 c6 (7... b6 $6 8. e5 dxe5
9. fxe5 Nd5 10. O-O-O Nc6 11. Nge2 Be6 12. Nxd5 Qxd5 13. Nc3 Qa5 14. a3 Rfd8
15. Qe3 Rab8 16. Bb5 g5 17. Bg3 $16 {Winants,L-Seret,JC/Lyon zt/1990/}) 8. Bd3
b5 9. Nf3 b4 (9... a6 10. e5 dxe5 11. dxe5 b4 12. Ne4 Nd5 13. O-O a5 14. Kh1
$14 {Mahdy,K-Steiner,U/AUT-chT/1991/ (23)}) 10. Ne2 $13 {Schmittdiel,E-Lau,R/
FRG-ch/1991/ (23)}) 7. Bg3 Nh5 8. O-O-O (8. f3 Nxg3 9. hxg3 Nc6 10. Nce2 d5 11.
e5 f6 12. exf6 exf6 13. g4 Qd6 14. O-O-O f5 $15 {Mainka,R-Preiss,M/Badenweiler
op/1990/ (19)}) 8... a6 $146 {Interesting novelty, which prevents Bb5.} (8...
Nc6 9. Bb5 Bd7 10. Nge2 e5 (10... e6 11. f3 Nxg3 12. hxg3 a6 13. Bxc6 Bxc6 14.
g4 Qe7 $13 {Tiviakov,S-Markowski,T/Polanica Zdroj/1995/ (27)}) 11. dxe5 $14 {
Peresypkin-Ftacnik,L/Kiev/1978/ (21)}) (8... e6 $5 9. Kb1 Nd7 10. Nf3 Nb6 11.
d5 Bd7 12. Nd4 Qe7 13. Be2 Nxg3 14. hxg3 O-O-O $15 {Piza,D-Danailov,S/St.Cugat
op/1992/ (21)}) 9. f3 Nxg3 10. hxg3 Nc6 11. Nge2 e6 (11... e5 12. d5 Ne7 13. g4
{[%csl Rg7][%cal Ye2g3,Yg3f5,Yg3h5]}) 12. f4 {[%csl Rg7][%cal Ye4e5,Yc3e4]
White is going to limit the possibilities of Bg7 and then to improve the
position of his pieces.} Bd7 {[%cal Yd8e7]} 13. e5 dxe5 14. dxe5 Qe7 15. Ne4
O-O-O 16. N2c3 {[%cal Yf1e2]} Kb8 {[%cal Yd7c8,Yb7b6,Yc8b7]} (16... Be8 $5) 17.
Be2 Bc8 18. Qe3 b6 19. a3 {[%csl Rb4][%cal Yc6b4]} Bb7 20. Bf3 Rxd1+ 21. Rxd1
Rd8 $11 22. Rd3 Rxd3 23. Qxd3 gxf4 (23... g4 $5 24. Bxg4 (24. Be2 h5) 24...
Bxe5 25. fxe5 Nxe5 26. Qe2 f5 27. Bf3 fxe4 28. Nxe4 $11) (23... h5 $5 $15 {
For instance:} 24. Bxh5 gxf4 25. gxf4 Bh6 {[%csl Re5,Rf4]}) 24. gxf4 f6 $6 (
24... h5 $5 {[%csl Rf4][%cal Gh5h4,Gg7h6]}) 25. exf6 Bxf6 26. Ne2 {The only
way to fight for the advantage.} (26. Nxf6 Qxf6 27. Qe3 Qd4 $11 (27... e5 {
is good enough as well.})) 26... Bg7 27. c3 {[%csl Gc3,Rg7]} Qf7 28. Nd2 {
[%cal Gd2c4,Yf3b7]} Bf6 $6 (28... e5 $5 29. f5 h5 {preventing g2-g4, which
connects between pawns "g" and "f".}) 29. Nc4 $14 {Thanks to white's pawn
structure superiority over the black's, Artyom gets a slight advantage.} Ka7 (
29... b5 30. Ne3) 30. Be4 {[%cal Gd3f3,Yf3b7]} Qh5 ({Deserved attention} 30...
e5 $5 31. f5 $5 (31. Bxc6 Bxc6 32. Nxe5 Bxe5 33. fxe5 Bxg2)) 31. Kd2 Qb5 32. b4
Ne7 33. Ne3 $1 Bxe4 34. Qxe4 Qd7+ 35. Nd4 $1 {Step by step white successfully
regrouping his pieces to more active positions.} ({Too slow was} 35. Kc2 Nf5 $1
) 35... Bxd4 (35... c5 $4 36. Qxe6) 36. Qxd4 Qc6 $6 (36... Qxd4+ 37. cxd4 h5
38. Kd3 {[%cal Gd3e4] After white centralizes his king, he gets good prospects.
}) 37. g4 $16 {[%csl Rf5][%cal Ge7f5]} Kb7 (37... Nd5 38. g5 {creating a
passed pawn.}) 38. Kd3 {[%cal Gd4e4]} Qb5+ 39. Qc4 (39. c4 $142 $1 {good as
well}) 39... Qd7+ 40. Ke4 Nc6 $6 ({Relatively better was} 40... Nc8 $1 {
After black transfers the knight to d6, he gets some chances for a draw.}) 41.
Kf3 {After white has transfered his K to the king side, he starts to create a
passed pawn there, speculating on the queens exchange.} Nd8 42. Qd4 Qe8 43.
Qe4+ Kb8 44. Nf5 {[%csl Rh6] White has started to attack the weakest pawn in
the black's camp.} Qh8 45. Qd4 Qf8 46. Qg7 Qe8 ({More resistant was} 46... Qxg7
47. Nxg7 Kc8 $16) 47. Nxh6 $18 e5 48. f5 $5 (48. fxe5 $6 Qc6+ 49. Kf2 Qxc3 50.
Qd7 Qb2+ 51. Kg1 Qb1+) (48. Qxe5 $4 Qc6+) (48. Qg8 $6 Qc6+ 49. Kf2 Qd7 50. fxe5
Qd2+) ({Probably} 48. Qf6 $5 {was the safest way to a victory.}) 48... Qc6+ 49.
Kg3 Qxc3+ 50. Kh4 {[%csl Gf5,Gg4]} Qd2 51. Nf7 (51. Kh5 $5) 51... Nc6 52. Qh6
Qh2+ 53. Kg5 Qf4+ 54. Kh5 {The rest of the game is a matter of technic.} Qh2+
55. Kg6 Qg3 56. Qf8+ (56. g5 $4 Ne7+ $19) 56... Ka7 57. Qe8 Qxg4+ {In spite of
capturing a pawn, white's position is winning, thanks to the passed pawn f5.}
58. Ng5 Qc4 59. Qf7 $1 {White trades the queens and gets absolutely winning
position.} Qxf7+ 60. Kxf7 Kb7 61. f6 Kc8 62. Ke8 Nd8 63. Ne4 c6 (63... a5 64.
bxa5 bxa5 65. Nc5 a4 66. f7 $18) 64. a4 (64. f7 {was as well good.} Nxf7 65.
Kxf7) 64... Kc7 65. a5 bxa5 66. bxa5 $22 c5 (66... Kc8 67. Nc5) 67. Nxc5 Kc8
68. Ke7 Nc6+ 69. Kd6 Nd8 70. Kxe5 {A well played game by Timofeev with a
superb technic in the endgame.} 1-0

[Event "EU-Cup 18th"]
[Site "Kallithea"]
[Date "2002.09.25"]
[Round "4.2"]
[White "Akopian, Vladimir Eduardovic"]
[Black "Nikolic, Predrag"]
[Result "1-0"]
[WhiteElo "2678"]
[BlackElo "2653"]
[Annotator "Erenburg,S"]
[PlyCount "93"]
[EventDate "2002.09.22"]
[EventType "team-swiss"]
[EventRounds "7"]
[EventCountry "GRE"]
[SourceTitle "CBM 092"]
[Source "ChessBase"]
[SourceDate "2003.02.06"]
[SourceVersion "1"]
[SourceVersionDate "2003.02.06"]
[SourceQuality "1"]
[WhiteTeam "Kazan Ladya"]
[BlackTeam "Kiseljak"]
[WhiteTeamCountry "RUS"]
[BlackTeamCountry "BIH"]

1. e4 d6 2. d4 Nf6 3. Nc3 g6 4. Be3 Bg7 ({Nowadays black usually plays} 4... c6
) 5. Qd2 ({Many strong players choose} 5. f3 {, avoiding variation with 5...
Ng4.}) 5... c6 ({Other theoretical line is} 5... Ng4) 6. h3 {Transforming to
variation 4...c6 5.h3 Bg7} O-O 7. Nf3 b5 8. Bd3 (8. a3 a6 9. Be2 Qc7 10. O-O
Nbd7 11. Rfe1 Bb7 12. Bf1 Rad8 13. Bh6 e5 $132 {Van Hul,C-Delemarre,J/
Antwerpen op 1996}) 8... Nbd7 9. O-O (9. Ne2 $6 e5 10. c3 (10. dxe5 $5) 10...
d5 ({After} 10... Re8 $5 11. Ng3 d5 12. dxe5 Nxe5 (12... Nxe4 $6 13. Nxe4 dxe4
14. Bxe4 Bb7 15. O-O-O $14) 13. Nxe5 dxe4 $1 $132) 11. dxe5 (11. exd5 $2 e4 12.
dxc6 Nb6 13. Bxb5 exf3 14. gxf3 Qd5 $17 {[%cal Gd5b5,Gd5f3]}) 11... Nxe4 12.
Qc2 Ndc5 (12... Nxe5 13. Nxe5 Bxe5 14. Bxe4 dxe4 15. Qxe4 Qc7 16. Bd4 Bd6 $13)
13. Ned4 Nxd3+ {And black's position is nice.}) (9. Bh6 a6 10. h4 Ng4 $6 11.
Bxg7 Kxg7 12. h5 Rh8 13. Qf4 $16 {Miller,G-Bates,R/ENG-chT9697}) (9. g4 $6 b4
10. Ne2 c5 11. c3 bxc3 12. bxc3 Rb8 13. Bh6 Qa5 $13 {Misa Juncal,A-Martinez
Rodriguez,P/Mondariz op 1997}) 9... Qc7 (9... a6 10. e5 Ne8 11. exd6 exd6 12.
Bg5 f6 13. Bh6 d5 14. Bxg7 Kxg7 15. Ne2 Rf7 16. a4 Bb7 17. Rfe1 Nf8 {1/2-1/2
Schandorff,L-Gipslis,A/Valby 1994/EXT 98 (17)}) (9... e5 10. dxe5 dxe5 $10 11.
Ne2 Bb7 (11... a5 $5 $132) 12. Nc1 c5 13. Bxb5 Bxe4 14. Ng5 Bb7 15. Nb3 h6 16.
Rfd1 $1 hxg5 17. Bxd7 $16 {Turov,M-Lastin,A/Nizhnij Novgorod 1998/EXT}) (9...
Bb7 10. e5 dxe5 11. dxe5 b4 12. Ne2 Nd5 13. Bh6 $14 {[%csl Rb4] De Vreugt,
D-Nijboer,F/Rotterdam 2000/CBM 77}) 10. Rfe1 (10. Ne2 $5) (10. a3 {See the
game Duncker,J-Schmidt,J/Bad Wildungen 1998/EXT 99 (16)}) (10. Bh6 {was played
in 1/2-1/2 Pedersen,S-Kristensen,L/Denmark 1998/EXT 99 (21)}) (10. Rad1 {
leads to unclear position} Bb7 11. Bh6 e5 12. Bxg7 Kxg7 13. dxe5 dxe5 14. Ne2
Rad8 15. Ng3 Ng8 16. Qc3 a6 17. Rd2 Ne7 18. b4 f6 $13 {Noack,C-Hoffmann,H/
Leutersdorf 2000/EXT 2001}) 10... e5 11. dxe5 dxe5 12. Ne2 $146 {This transfer
of knight to g3 is typical in such positions. The idea of this novelty is to
play c4 and a4, preventing b5-b4.} ({White tried to play immediately 12.a4:} 
12. a4 b4 13. Nd1 $6 (13. Ne2 $5) 13... a5 $13 {0-1 Dobos,J-Finkel,A/Budapest
1992/EXT 97 (37)}) 12... Bb7 13. Ng3 Rfe8 14. c4 {[%csl Rb5]} a6 15. a4 {
[%csl Rb5]} bxc4 16. Bxc4 {The white bishop has occupied a very successful
square and very important diagonal.} c5 {opening the diagonal a8-h1 for the
black bishop.} 17. Rac1 {[%cal Gb2b4,Yc1c7]} Bc6 ({After} 17... Rad8 {white
gets advantage, playing} 18. b4 Nb6 19. Qa2 $16) 18. b4 Nb6 (18... cxb4 19.
Qxb4 $16 {with the threat of Bf7.} ({Also good} 19. Bd5 Nb8 20. Qxb4 Nxd5 21.
exd5 Qb7 22. Bb6 (22. Qxb7 Bxb7) 22... Bxd5 23. Rc7 Bxf3 24. Rxb7 Bxb7 $16))
19. Bb3 $1 $16 {Up to now black didn't make any big mistakes, however white is
keeping a big advantage,probably thanks to a superb play of Akopian.} c4 $2 ({
More resistant was:} 19... Bxa4 20. bxc5 Bxb3 21. cxb6 $16 {[%csl Gb6][%cal
Yc1c7]}) (19... Red8 20. Qc2 $18) 20. Bxb6 (20. Bxc4 {was also good, for
instance:} Bxa4 (20... Rad8 21. Qc2) (20... Nxc4 21. Rxc4) 21. Bxb6 Qxb6 22.
Qa2 $18) 20... Qxb6 21. Bxc4 $18 {White is a pawn up, while black hasn't any
compensation.} Rad8 {[%tqu "En","Please find tactical combination for white.",
"","","c4f7","",10]} 22. Bxf7+ $1 Kxf7 {[%tqu "En","Continue the white
combination","","","c1c6","",10]} 23. Rxc6 $1 Qxc6 (23... Rxd2 24. Rxb6 $18) {
[%tqu "En","And now find the final accord.","","","d2d8","",10]} 24. Qxd8 $1
Qxa4 (24... Nxe4 25. Qd3 Nxg3 26. Ng5+ Ke7 (26... Kg8 27. Qb3+) 27. b5 $18 {
[%cal Rd3g3]}) (24... Rxd8 25. Nxe5+ $18) 25. Qd6 $18 {[%csl Re5] Black is a
pawn down and his K is very weak, so he hasn't any chance.The rest is an easy
job for white.} Qb5 26. Rc1 Kg8 27. Rc7 a5 28. bxa5 Qxa5 29. Qc6 ({More simple
was:} 29. Re7 {.This move promised an easy technical winning position.}) 29...
Bh6 30. Rb7 Qd8 31. Qc2 Qc8 32. Qb3+ Qe6 33. Qb5 Rc8 34. Rb6 Qe7 35. Qb3+ Kh8
36. Re6 Qf8 37. Nxe5 {After white captures a second pawn, the game is over.}
Rc1+ 38. Kh2 Bf4 39. Qb2 Kg8 40. Qb3 Kh8 41. Qb2 Kg8 42. Qa2 Kh8 43. Qe2 {
White is not hurrying to develop the mating attack and continuing manouevres,
probably, to gain the time on the clock.} Rb1 44. Qf3 Nh5 45. Qc3 {[%cal Rc3h8]
} Ng7 46. Nd7 Qd8 47. Rf6 {[%cal Rf6f8]} 1-0